LEADER 01282nam0-2200409---450- 001 990000519030203316 --- $bEd 010 $a0-87969-398-3 035 $a0051903 035 $aUSA010051903 035 $a(ALEPH)000051903USA01 035 $a0051903 100 $a20010621d1993----km-y0itay0103----ba 101 0 $aeng 102 $aUS 105 $aa|||||||001yy 200 1 $aSuperantigens:$ea pathogen's view of the immune system$fedited by Brigitte T. Huber, Ed Palmer 210 $aNew York$cCold Spring Harbor Laboratory Press$d1993 215 $aIX, 182 p.$cill.$d23 cm 225 2 $aCurrent communications in cell & molecular biology$v7 410 0$12001$aCurrent communications in cell & molecular biology$v7 606 $aAntigeni 676 $a616.0792 702 1$aHUBER,$bBrigitte T. 702 01$aPALMER,$bEd 801 0$aIT$bsalbc$gISBD 912 $a990000519030203316 951 $a616.079 2 SUP$b2739 Farm.$c616$d00076021 959 $aBK 969 $aFAR 979 $aSTELLA$b10$c20010621$lUSA01$h1023 979 $aSTELLA$b10$c20010621$lUSA01$h1252 979 $aJOHNNY$b90$c20010717$lUSA01$h1240 979 $c20020403$lUSA01$h1701 979 $aPATRY$b90$c20040406$lUSA01$h1636 996 $aSuperantigens$9886625 997 $aUNISA LEADER 01249cam0-2200313---450 001 990005612990403321 005 20240423133516.0 035 $a000561299 035 $aFED01000561299 035 $a(Aleph)000561299FED01 035 $a000561299 100 $a19990604d1833----km-y0itay50------ba 101 0 $aita 102 $aIT 105 $ay-------001yy 200 1 $aSupplemento allo scritto finora da molti sul celebre musaico scoperto nelle ruine di Pompei li 24 ottobre 1831$fletto dall'avvocato Carlo Fea ... nell'Accademia Archeologica ... li 26. aprile 1833 210 $aRoma$cTip. delle Belle Arti$d1833 215 $a35 p.$d27 cm 610 0 $aPompei$aMosaici 676 $a930.1 700 1$aFea,$bCarlo$f<1753-1836>$037512 801 0$aIT$bUNINA$gRICA$2UNIMARC 856 4 $zVisualizza la versione elettronica in SBNWeb$uhttps://books.google.it/books?id=_7VvpPQtIsYC&printsec=frontcover&hl=it&source=gbs_ge_summary_r&cad=0#v=onepage&q&f=false$e20220317 901 $aBK 912 $a990005612990403321 952 $aARCH. X MISC. 12 (13)$bARCH. 15330$fFLFBC 959 $aFLFBC 996 $aSupplemento allo scritto finora da molti sul celebre musaico scoperto nelle ruine di Pompei li 24 ottobre 1831$9603203 997 $aUNINA